000 01010nam a22003257a 4500
003 CHAP
005 20220329135226.0
008 971013s1972 r 00010 d
010 _a32926
011 _a33898
035 _a38014
040 _cCHAP
082 _a519.233
_bN6
100 0 0 _aNorman, M. Frank.
_981758
245 _aMarkov process and learning models
260 _aNew York :
_bAcedmic Press,
_c1972
300 _a274 p.
490 _aMathematics in science and enginering
_v; 84
590 _aBATCH-UPD
_b10
_c20130110
_lUCH01
_h1148
590 _aBATCH-UPD
_b10
_c20130410
_lUCH01
_h0733
590 _aBATCH-UPD
_b10
_c20130914
_lUCH01
_h1328
590 _aCONVERSION
_b10
_c20130109
_lUCH01
_h1319
650 1 4 _aEstocástica.
_938336
650 1 4 _aProbabilidades.
_991687
650 1 4 _aProcesos de Markov.
_991826
830 0 _aMathematics in science and enginering
_v; 84
_972981
901 _aBK
942 _cLIBRO
949 _a519.233 N6
_bBC
_cLIBRO
_d33724000126413
_eLIBRO
_h1190
_i38014
_si
999 _c32926
_d32926